Normal view MARC view

Entry Personal Name

Number of records used in: 12

001 - CONTROL NUMBER

  • control field: 24955

003 - CONTROL NUMBER IDENTIFIER

  • control field: dpl

005 - DATE AND TIME OF LATEST TRANSACTION

  • control field: 20101220123836.0

008 - FIXED-LENGTH DATA ELEMENTS

  • fixed length control field: 101220|||a|||||| | ||| d

040 ## - CATALOGING SOURCE

  • Original cataloging agency: dpl
  • Transcribing agency: dpl

100 ## - HEADING--PERSONAL NAME

  • Personal name: 820.92राम प्रकाश

670 ## - SOURCE DATA FOUND

  • Source citation: Work cat.: (dpl)40433: 820.92राम प्रकाश, रचना और आलोचना का द्वन्द्व /, 2009

670 ## - SOURCE DATA FOUND

  • Source citation: Work cat.: (dpl)40433: 820.92राम प्रकाश, रचना और आलोचना का द्वन्द्व /, 2009

© Delhi Public Library
Hit Counter
free hit counter